| 000 -LEADER |
| fixed length control field |
00603nam a22002177a 4500 |
| 008 - FIXED-LENGTH DATA ELEMENTS--GENERAL INFORMATION |
| fixed length control field |
151002b xxu||||| |||| 00| 0 eng d |
| 020 ## - INTERNATIONAL STANDARD BOOK NUMBER |
| International Standard Book Number |
9780073379616 |
| 020 ## - INTERNATIONAL STANDARD BOOK NUMBER |
| International Standard Book Number |
0073379611 |
| 041 0# - LANGUAGE CODE |
| Language code of text/sound track or separate title |
eng |
| 080 ## - UNIVERSAL DECIMAL CLASSIFICATION NUMBER |
| Universal Decimal Classification number |
658.15 |
| 100 1# - Rafti |
| Rafti |
Garrison, Ray H. |
| 245 10 - TITLE STATEMENT |
| Title |
Managerial accounting / |
| Statement of responsibility, etc |
Ray H. Garrison, Eric W. Noreen, Peter C. Brewer. |
| 250 ## - |
| -- |
13th ed. |
| 260 ## - |
| -- |
Boston : |
| -- |
McGraw-Hill/Irwin, |
| -- |
2010. |
| 300 ## - |
| -- |
xxxi, 804 f. : |
| -- |
me il.; |
| -- |
29 cm. |
| 650 #0 - |
| -- |
Kontabiliteti |
| 650 #0 - |
| -- |
Menaxherial |
| 700 1# - |
| -- |
Noreen, Eric W. |
| 700 1# - |
| -- |
Brewer, Peter C. |
| 942 ## - ADDED ENTRY ELEMENTS (KOHA) |
| Source of classification or shelving scheme |
|
| Item type |
Books |